<?xml version="1.0" encoding="UTF-8"?>
<record
    xmlns:xsi="http://www.w3.org/2001/XMLSchema-instance"
    xsi:schemaLocation="http://www.loc.gov/MARC21/slim http://www.loc.gov/standards/marcxml/schema/MARC21slim.xsd"
    xmlns="http://www.loc.gov/MARC21/slim">

  <leader>00511cam a2200145   4500</leader>
  <datafield tag="040" ind1=" " ind2=" ">
    <subfield code="c">WaS</subfield>
  </datafield>
  <datafield tag="082" ind1="0" ind2="4">
    <subfield code="a">613 HEA 1997 C153 Or.</subfield>
  </datafield>
  <datafield tag="110" ind1="1" ind2=" ">
    <subfield code="a">Homestead Welfare Club (Homestead, Iowa).</subfield>
  </datafield>
  <datafield tag="245" ind1="1" ind2="2">
    <subfield code="a">A collection of traditional Amana recipes;</subfield>
    <subfield code="b">family-size recipes of the foods prepared and served in the Amana villages for over a century.</subfield>
  </datafield>
  <datafield tag="300" ind1=" " ind2=" ">
    <subfield code="a">120 pages :</subfield>
    <subfield code="b">illustrations ;</subfield>
    <subfield code="c">23 cm.</subfield>
  </datafield>
  <datafield tag="500" ind1=" " ind2=" ">
    <subfield code="a">Cover title: Amana recipes.</subfield>
  </datafield>
  <datafield tag="650" ind1=" " ind2="0">
    <subfield code="a">Cooking, German</subfield>
  </datafield>
  <datafield tag="650" ind1=" " ind2="0">
    <subfield code="a">Cooking, American</subfield>
  </datafield>
  <datafield tag="942" ind1=" " ind2=" ">
    <subfield code="c">AEDBB</subfield>
  </datafield>
  <datafield tag="999" ind1=" " ind2=" ">
    <subfield code="c">19261</subfield>
    <subfield code="d">19261</subfield>
  </datafield>
  <datafield tag="952" ind1=" " ind2=" ">
    <subfield code="0">0</subfield>
    <subfield code="1">0</subfield>
    <subfield code="4">0</subfield>
    <subfield code="6">613_000000000000000_HEA_1997_C153_OR</subfield>
    <subfield code="7">0</subfield>
    <subfield code="9">84540</subfield>
    <subfield code="a">LBC</subfield>
    <subfield code="b">LBC</subfield>
    <subfield code="c">C153</subfield>
    <subfield code="d">2020-09-01</subfield>
    <subfield code="e">A39318</subfield>
    <subfield code="o">613 HEA 1997 C153 Or.</subfield>
    <subfield code="r">2020-09-01</subfield>
    <subfield code="w">2020-09-01</subfield>
    <subfield code="y">EK</subfield>
  </datafield>
</record>
